ბათუმის შოთა რუსთაველის სახელმწიფო უნივერსიტეტის ბიბლიოთეკა

ელგუჯა.ხევისბერი გოჩა (ბიბ.ჩანაწერი № 48451)

000 -LEADER
fixed length control field 00752nam a2200205Ia 4500
001 - CONTROL NUMBER
control field 15343
003 - CONTROL NUMBER IDENTIFIER
control field GE_BSU
008 - FIXED-LENGTH DATA ELEMENTS--GENERAL INFORMATION
fixed length control field 181216s||||||||xx |||||||||||||| ||und||
040 ## - CATALOGING SOURCE
Transcribing agency GE_BSU
245 ## - TITLE STATEMENT
Title ელგუჯა.ხევისბერი გოჩა
245 ## - TITLE STATEMENT
Remainder of title მოთხრობები
245 ## - TITLE STATEMENT
Statement of responsibility, etc. შესავ.წერილი შენიშვნ. და ლექსიკ. ლადო მინაშვილისა
260 ## - PUBLICATION, DISTRIBUTION, ETC.
Place of publication, distribution, etc. თბილისი
260 ## - PUBLICATION, DISTRIBUTION, ETC.
Name of publisher, distributor, etc. თბილისის უნ-ტის გამ-ბა
260 ## - PUBLICATION, DISTRIBUTION, ETC.
Date of publication, distribution, etc. 1991
300 ## - PHYSICAL DESCRIPTION
Extent 350გვ.20სმ.
653 ## - INDEX TERM--UNCONTROLLED
Uncontrolled term ელგუჯა.ხევისბერი გოჩა
653 ## - INDEX TERM--UNCONTROLLED
Uncontrolled term მოთხრობები
942 ## - ADDED ENTRY ELEMENTS (KOHA)
Koha item type წიგნი
ეგზემპლარები
Withdrawn status Lost status Damaged status Not for loan Date acquired Barcode Date last seen Price effective from Koha item type
        2018-12-17 37936 2018-12-17 2018-12-17 წიგნი
        2018-12-17 37937 2018-12-17 2018-12-17 წიგნი
        2018-12-17 37938 2018-12-17 2018-12-17 წიგნი
        2018-12-17 37939 2018-12-17 2018-12-17 წიგნი
        2018-12-17 37940 2018-12-17 2018-12-17 წიგნი
        2018-12-17 37941 2018-12-17 2018-12-17 წიგნი
        2018-12-17 37942 2018-12-17 2018-12-17 წიგნი
        2018-12-17 37943 2018-12-17 2018-12-17 წიგნი
        2018-12-17 37944 2018-12-17 2018-12-17 წიგნი